Athletics (Record no. 11351)

MARC details
000 -LEADER
fixed length control field 00239nam a22000977a 4500
008 - FIXED-LENGTH DATA ELEMENTS--GENERAL INFORMATION
fixed length control field 190313b ||||| |||| 00| 0 eng d
020 ## - INTERNATIONAL STANDARD BOOK NUMBER
International Standard Book Number 9780713676938
100 ## - MAIN ENTRY--PERSONAL NAME
Personal name Youth Sport Trust
9 (RLIN) 7091
245 ## - TITLE STATEMENT
Title Athletics
260 ## - PUBLICATION, DISTRIBUTION, ETC. (IMPRINT)
Place of publication, distribution, etc. London
Name of publisher, distributor, etc. A&CB
Date of publication, distribution, etc. 2006
Holdings
Withdrawn status Lost status Source of classification or shelving scheme Damaged status Koha normalized classification for sorting Not for loan Home library Current library Shelving location Date acquired Total Checkouts Full call number Barcode Date last seen Price effective from Koha item type
    Dewey Decimal Classification   796_000000000000000_L2   Good Samaritan School Library Good Samaritan School Library Sports & Games 03/13/2019   796 L-2 YOU15239 03/13/2019 03/13/2019 BOOK

Powered by Koha